000 00339nam a22001451a 4500
020 _a9788171322008
082 _a301
_bLEE/H
100 _aLeena Parmar
245 _aHandbook of Sociology/
_cby Leena Parmar
260 _aJaipur:
_bPointer,
_c1999.
300 _a332p.
650 _aSociology
650 _aSocial Sciences
942 _cBK
999 _c16998
_d16998